|
003 -Nazwa inst., której nr kontr. jest w polu 001 [,]
|
-
- @
- Nazwa instytucji, której n kontrolny jest w polu 001
- NUKAT
|
|
005 -DATA I CZAS OSTATNIEJ MODYFIKACJI [,]
|
-
- @
- pole kontrolne
- 20241231114459.0
|
|
040 -Instytucja sporządzająca opis [ , ]
|
-
- a
- Instytucja, która sporządziła opis (NP)
- KR 297/JAK
-
- c
- Instytucja, która sporządziła rekord (NP)
- KR 297/JAK
-
- d
- Instytucja, która zmodyfikowała rekord (P)
- KR 297/JAK
-
- d
- Instytucja, która zmodyfikowała rekord (P)
- KR 119/SWs
-
- d
- Instytucja, która zmodyfikowała rekord (P)
- WA U/JS
|
|
041 -Język dokumentu [1, ]
|
-
- a
- Język tekstu (P)
- polski
-
- h
- Język tekstu oryginalnego i/lub pośredniego (P)
- hiszpański
|
|
942 -Rodzaj dokumentu [ , ]
|
-
- c
- Rodzaj dokumentu
- Książka
|
|
700 -Hasło dodatkowe - nazwa osobowa [1, ]
|
-
- a
- Nazwa osobowa (NP)
- Szleyen, Zofia
-
- d
- Daty biograficzne (NP)
- (1904-1994).
-
- e
- Określenie rodzaju współpracy
- Tł.
-
|
|
700 -Hasło dodatkowe - nazwa osobowa [1,2]
|
-
- a
- Nazwa osobowa (NP)
- Alberti, Rafael
-
- d
- Daty biograficzne (NP)
- (1902-1999).
-
- t
- Tytuł ujednolicony/tytuł (NP)
- Trébol florido
-
- l
- Język tekstu (NP)
- (pol.)
-
|
|
700 -Hasło dodatkowe - nazwa osobowa [1,2]
|
-
- a
- Nazwa osobowa (NP)
- Alberti, Rafael
-
- d
- Daty biograficzne (NP)
- (1902-1999).
-
- t
- Tytuł ujednolicony/tytuł (NP)
- Adefesio
-
- l
- Język tekstu (NP)
- (pol.)
-
|
|
700 -Hasło dodatkowe - nazwa osobowa [1,2]
|
-
- a
- Nazwa osobowa (NP)
- Alberti, Rafael
-
- d
- Daty biograficzne (NP)
- (1902-1999).
-
- t
- Tytuł ujednolicony/tytuł (NP)
- Lozana andaluza
-
- l
- Język tekstu (NP)
- (pol.)
-
|
|
700 -Hasło dodatkowe - nazwa osobowa [1,2]
|
-
- a
- Nazwa osobowa (NP)
- Alberti, Rafael
-
- d
- Daty biograficzne (NP)
- (1902-1999).
-
- t
- Tytuł ujednolicony/tytuł (NP)
- De un momento a otro
-
- l
- Język tekstu (NP)
- (pol.)
-
|
|
700 -Hasło dodatkowe - nazwa osobowa [1,2]
|
-
- a
- Nazwa osobowa (NP)
- Alberti, Rafael
-
- d
- Daty biograficzne (NP)
- (1902-1999).
-
- t
- Tytuł ujednolicony/tytuł (NP)
- Noche de guerra en el Museo del Prado
-
- l
- Język tekstu (NP)
- (pol.)
-
|
|
710 -Hasło dodatkowe - nazwa ciała zbiorowego [2, ]
|
-
- a
- Nazwa ciała zbiorowego lub nazwa geograficzna jako pierwszy element (NP)
- Wydawnictwo Literackie.
-
-
|